<?xml version="1.0" encoding="UTF-8"?>
<marc:record xmlns:marc="http://www.loc.gov/MARC21/slim">
   <marc:leader>00000nam a2200000 a 4500</marc:leader>
   <marc:datafield ind1="1" ind2=" " tag="100">
      <marc:subfield code="a">Schwarz, Franz Christian</marc:subfield>
      <marc:subfield code="4">aut</marc:subfield>
      <marc:subfield code="e">Verfasser/-in</marc:subfield>
   </marc:datafield>
   <marc:datafield ind1="1" ind2=" " tag="100">
      <marc:subfield code="a">Zahradnik, Andy</marc:subfield>
      <marc:subfield code="4">aut</marc:subfield>
      <marc:subfield code="e">Verfasser/-in</marc:subfield>
   </marc:datafield>
   <marc:datafield ind1="0" ind2="0" tag="245">
      <marc:subfield code="a">Georg Danzer - Sonne und Mond</marc:subfield>
   </marc:datafield>
   <marc:datafield ind1="0" ind2="0" tag="245">
      <marc:subfield code="b">Rückblicke und Einblicke</marc:subfield>
   </marc:datafield>
   <marc:datafield ind1="0" ind2="0" tag="245">
      <marc:subfield code="c">Schwarz, Franz Christian</marc:subfield>
   </marc:datafield>
   <marc:datafield ind1=" " ind2="1" tag="264">
      <marc:subfield code="a">Wien</marc:subfield>
      <marc:subfield code="b">Carl Ueberreuter Verlag, Sachbuch</marc:subfield>
      <marc:subfield code="c">2021</marc:subfield>
   </marc:datafield>
   <marc:datafield ind1=" " ind2=" " tag="250">
      <marc:subfield code="a">1. Auflage</marc:subfield>
   </marc:datafield>
   <marc:datafield ind1="1" ind2=" " tag="520">
      <marc:subfield code="a">Am 7. Oktober 2021 wäre der österreichische Song-Poet Georg Danzer 75 Jahre alt geworden.&#xD;
Seine Lieder sind bis heute gerne gehörte Evergreens, denen vielfach eine nahezu magische Zeitlosigkeit innewohnt. Prof. Franz Christian Schwarz, der langjährige Manager und beste Freund von Danzer, und der Autor Andy Zahradnik führten für dieses Buch zahlreiche Gespräche mit Freunden und Wegbegleitern, die mit Danzer über seine Musik, seine Arbeit als Künstler verbunden waren. Wolfgang Ambros, Marianne Mendt, Ulli Baer, Peter Cornelius, Hans Theessink, Andy Baum, Rainhard Fendrich, die Filmemacher Rudi Dolezal und Rudolf Klingohr, der Journalist Christian Seiler und andere kommen zu Wort. Persönliche und ideelle Weggefährten wie die Liedermacher Ernst Molden und Der ‚Nino aus Wien‘ Mandl, der Literat und Philosoph Franz Schuh, Halluzination Compañero und Szene-Legende Vickerl Adam, Birgit Denk, Sohn Andreas Danzer u. v. a. teilen in diesem Buch ihre Erinnerungen, sprechen über die Bedeutung und den Einfluss Danzers auf mittlerweile zwei Generationen Austropop.</marc:subfield>
   </marc:datafield>
   <marc:datafield ind1=" " ind2=" " tag="020">
      <marc:subfield code="a">9783800077748</marc:subfield>
      <marc:subfield code="9">9783800077748</marc:subfield>
   </marc:datafield>
   <marc:datafield ind1=" " ind2=" " tag="020">
      <marc:subfield code="a">3800077744</marc:subfield>
      <marc:subfield code="9">3800077744</marc:subfield>
   </marc:datafield>
   <marc:datafield ind1=" " ind2=" " tag="041">
      <marc:subfield code="a">ger</marc:subfield>
   </marc:datafield>
   <marc:datafield ind1=" " ind2=" " tag="338">
      <marc:subfield code="a">Band</marc:subfield>
   </marc:datafield>
   <marc:datafield ind1=" " ind2=" " tag="300">
      <marc:subfield code="a">232 Seiten</marc:subfield>
   </marc:datafield>
</marc:record>
